| 000 | 01332nam a2200349 a 4500 | ||
|---|---|---|---|
| 001 | ebr10521945 | ||
| 003 | CaPaEBR | ||
| 006 | m u | ||
| 007 | cr cn||||||||| | ||
| 008 | 110609s2012 maua sb 001 0 eng d | ||
| 010 | _z 2011024326 | ||
| 020 | _z9780262016926 (hbk. : alk. paper) | ||
| 020 | _z9780262301381 (e-book) | ||
| 040 |
_aCaPaEBR _cCaPaEBR |
||
| 035 | _a(OCoLC)774956292 | ||
| 050 | 1 | 4 |
_aBF341 _b.B3735 2012eb |
| 082 | 0 | 4 |
_a155.2/34 _223 |
| 100 | 1 |
_aBeenstock, Michael, _d1946- |
|
| 245 | 1 | 0 |
_aHeredity, family, and inequality _h[electronic resource] : _ba critique of social sciences / _cMichael Beenstock. |
| 260 |
_aCambridge, Mass. : _bMIT Press, _cc2012. |
||
| 300 |
_aviii, 474 p. : _bill. |
||
| 504 | _aIncludes bibliographical references and index. | ||
| 533 |
_aElectronic reproduction. _bPalo Alto, Calif. : _cebrary, _d2012. _nAvailable via World Wide Web. _nAccess may be limited to ebrary affiliated libraries. |
||
| 650 | 0 |
_aNature and nurture _xEconometric models. |
|
| 650 | 0 | _aHeredity. | |
| 650 | 0 | _aFamilies. | |
| 650 | 0 | _aEquality. | |
| 650 | 0 | _aSocial stratification. | |
| 655 | 7 |
_aElectronic books. _2local |
|
| 710 | 2 | _aebrary, Inc. | |
| 856 | 4 | 0 |
_uhttp://site.ebrary.com/lib/rucke/Doc?id=10521945 _zAn electronic book accessible through the World Wide Web; click to view |
| 999 |
_c142331 _d142331 |
||